Top 50 Baby Boy Names Beginning with G - Statistics

General Stats
  • This quiz has been taken 893 times
  • The average score is 18 of 50
Answer Stats
Hint Answer % Correct
6 George
87%
16 Gregory
82%
41 Gray
72%
21 Grey
72%
2 Gabriel
71%
23 Gary
70%
26 Graysen
66%
1 Grayson
66%
32 Greysen
66%
3 Greyson
66%
7 Gavin
65%
14 Garrett
59%
9 Grant
59%
27 Gerald
53%
28 Gordon
53%
8 Graham
50%
37 Gus
46%
50 Geovanni
45%
33 Giovani
45%
5 Giovanni
45%
49 Glenn
44%
35 Gilbert
36%
4 Gael
35%
18 Gunnar
35%
11 Gunner
35%
15 Grady
33%
47 Gerard
32%
45 Guy
31%
17 Gage
29%
10 Griffin
29%
12 Gideon
28%
38 Gian
27%
13 Gianni
24%
43 Garrison
22%
20 Gustavo
20%
19 Gerardo
14%
48 German
14%
24 Genesis
13%
34 Gibson
12%
25 Guillermo
12%
36 Gilberto
11%
29 Gannon
8%
44 Gentry
7%
39 Giancarlo
7%
31 Granger
5%
22 Gatlin
4%
42 Gianluca
4%
46 Giannis
4%
30 Gadiel
3%
40 Gina
2%
No matching quizzes found
Score Distribution
Percent of People with Each Score
Percentile by Number Answered
Your Score History
You have not taken this quiz